000 00496nam a2200193Ia 4500
003 LK-CoDNM
008 010623t1916 xxu||||| |||| 00| 1 sin d
040 _aLK-CoDNM
_dLK-CoDNM
_eLK-CoDNM
041 _asin
080 _a104 J.6
100 _aDrieberg,C
_eed.
245 _aගොවිකම් සඟරාව
246 _aGovikam Sangarawa
260 _bCeylon agriculture society
_aColombo
_c1916
300 _b15p., iill, 21 cm
650 _aCow milk
650 _aPaddy
942 _cBK
999 _c88868
_d88868